[Event "I Miedzynarodowy Memorial Ireny Warakomskiej - Open B"]
[Site "Suwalki"]
[Date "2017-08-14"]
[Round "5.1"]
[White "Samborski, Henryk"]
[Black "Duda, Lucas"]
[Result "1-0"]
[WhiteTitle ""]
[BlackTitle ""]
[WhiteElo "2096"]
[BlackElo "1906"]

1. e4 e5 2. Nf3 Nc6 3. Bc4 Bc5 4. d3 Nf6 5. O-O a6 6. a4 d6 7. c3 Ba7 8. Nbd2 O-O
9. Re1 Ng4 10. Re2 Kh8 11. h3 Nh6 12. g4 Nxg4 13. hxg4 Bxg4 14. Qf1 Qd7 15. Qg2
f5 16. d4 exd4 17. e5 dxe5 18. Nxe5 Nxe5 19. Rxe5 dxc3 20. bxc3 Rae8 21. Qd5 Qxd5
22. Rxd5 c6 23. Rd7 Rf6 24. Ba3 Bb8 25. Be7 Rh6 26. Bf7 Rc8 27. Re1 f4 28. Rd8+
Rxd8 29. Bxd8 Bd7 30. Bg5 Rh3 31. Ne4 h6 32. Rd1 Bf5 33. Rd8+ Kh7 34. Nf6+ gxf6
35. Bxf6 Rg3+ 36. fxg3 Ba7+ 37. Kf1 1-0

[Event "I Miedzynarodowy Memorial Ireny Warakomskiej - Open B"]
[Site "Suwalki"]
[Date "2017-08-14"]
[Round "5.2"]
[White "Migala, Andrzej"]
[Black "Shpanko, Nadiia"]
[Result "1/2-1/2"]
[WhiteTitle ""]
[BlackTitle ""]
[WhiteElo "2031"]
[BlackElo "2095"]

1. e4 c5 2. Nc3 Nc6 3. Bb5 Nd4 4. Bc4 g6 5. Nf3 Bg7 6. Nxd4 cxd4 7. Qf3 Nh6 8.
Ne2 O-O 9. h3 e6 10. d3 f5 11. Qg3 b5 12. Bb3 fxe4 13. dxe4 Nf7 14. O-O Bb7 15.
f3 Qb6 16. Kh1 Kh8 17. Bf4 e5 18. Bd2 d5 19. Qh4 a5 20. a4 Nd6 21. Bxd5 Bxd5 22.
exd5 Nf5 23. Qe4 bxa4 24. g4 Nd6 25. Qd3 Qc5 26. Ng3 Qxd5 27. Ne4 Nc4 28. Nc3
Qc6 29. Qe4 Qa6 30. Nb1 Nxb2 31. Na3 Nc4 32. Nxc4 Qxc4 33. Rfb1 Rac8 34. Rb2 Rb8
35. Rba2 Rb1+ 36. Rxb1 Qxa2 37. Rb7 Qc4 38. Kg2 a3 39. Ra7 a4 40. Qb7 Qg8 41.
Rxa4 a2 42. Qb3 Qxb3 43. cxb3 Rb8 44. Rxa2 Kg8 45. b4 1/2-1/2

[Event "I Miedzynarodowy Memorial Ireny Warakomskiej - Open B"]
[Site "Suwalki"]
[Date "2017-08-14"]
[Round "5.3"]
[White "Janiszewski, Maciej"]
[Black "Kaczmarska, Joanna "]
[Result "1-0"]
[WhiteTitle ""]
[BlackTitle ""]
[WhiteElo "2095"]
[BlackElo "1942"]

1. e4 e6 2. d4 d5 3. Nc3 Bb4 4. exd5 exd5 5. Bd3 c6 6. Nf3 Ne7 7. O-O Bg4 8. h3
Bh5 9. Qe2 Qc7 10. g4 Bg6 11. Ne5 Bxd3 12. Nxd3 Bd6 13. f4 Nd7 14. f5 O-O-O 15.
Bf4 Bxf4 16. Nxf4 Rde8 17. Rae1 Nf6 18. Qd3 h6 19. b4 a6 20. a4 b5 21. Ra1 Kd7
22. Kg2 Nc8 23. axb5 axb5 24. Qf3 Ne4 25. Nxe4 dxe4 26. Qb3 Nd6 27. d5 c5 28.
Ra6 Nc4 29. Ne6 fxe6 30. fxe6+ Kc8 31. Rc6 Qxc6 32. dxc6 Rhf8 33. Rf7 Rxf7 34.
exf7 Rf8 35. Qa2 1-0

[Event "I Miedzynarodowy Memorial Ireny Warakomskiej - Open B"]
[Site "Suwalki"]
[Date "2017-08-14"]
[Round "5.4"]
[White "Suder, Ryszard "]
[Black "Wacior, Maciej "]
[Result "1/2-1/2"]
[WhiteTitle ""]
[BlackTitle ""]
[WhiteElo "2082"]
[BlackElo "1912"]

1. Nf3 d5 2. d4 Nf6 3. g3 Bf5 4. Bg2 h6 5. O-O e6 6. c4 c6 7. Qb3 Qb6 8. c5 Qxb3
9. axb3 Bxb1 10. Rxb1 b6 11. b4 Be7 12. Ra1 Nbd7 13. Bf4 O-O 14. Ra6 g5 15. Be3
Rfb8 16. Rfa1 bxc5 17. bxc5 Rxb2 18. Rxa7 Rb1+ 19. Rxb1 Rxa7 20. h4 Ne4 21. hxg5
hxg5 22. Ne5 Nxe5 23. Bxe4 Nd7 24. Bd3 e5 25. dxe5 Bxc5 26. Bxg5 Nxe5 27. Bf6
Nxd3 28. exd3 Ra2 29. d4 Ba3 30. Rb3 Bb2 31. Rb6 Ba1 1/2-1/2

[Event "I Miedzynarodowy Memorial Ireny Warakomskiej - Open B"]
[Site "Suwalki"]
[Date "2017-08-14"]
[Round "5.5"]
[White "Bogdanov, Ignat"]
[Black "Karlov, Egor "]
[Result "1-0"]
[WhiteTitle ""]
[BlackTitle ""]
[WhiteElo "2078"]
[BlackElo "1724"]

1. d4 Nf6 2. c4 g6 3. Nc3 Bg7 4. e4 d6 5. Nf3 O-O 6. Be2 e5 7. O-O Nc6 8. d5 Ne7
9. b4 Ne8 10. g3 f5 11. Ng5 Nf6 12. f3 h6 13. Ne6 Bxe6 14. dxe6 Nc6 15. Nd5 Re8
16. exf5 gxf5 17. e7 Nxe7 18. Nxf6+ Bxf6 19. Bxh6 c6 20. Qd2 Ng6 21. Rfd1 Re6
22. Qc2 Ne7 23. Bd3 Bg7 24. Bxg7 Kxg7 25. Bxf5 Nxf5 26. Qxf5 Rg6 27. Kg2 Qe7 28.
c5 Rf8 29. cxd6 Rxd6 30. Qg4+ Kh8 31. Qh5+ Kg7 32. Rxd6 Qxd6 33. Qg5+ Kh8 34.
Re1 Re8 35. Qh5+ Kg7 36. Qxe8 Qd2+ 37. Kf1 Qd3+ 38. Kg1 Qd4+ 39. Kh1 1-0

[Event "I Miedzynarodowy Memorial Ireny Warakomskiej - Open B"]
[Site "Suwalki"]
[Date "2017-08-14"]
[Round "5.6"]
[White "Kwasniewski, Pawel "]
[Black "Lisowski, Krzysztof"]
[Result "0-1"]
[WhiteTitle ""]
[BlackTitle ""]
[WhiteElo "1702"]
[BlackElo "2073"]

1. d4 d5 2. Nf3 Nf6 3. Bf4 c5 4. e3 Nc6 5. c3 Qb6 6. Qb3 c4 7. Qxb6 axb6 8. Nbd2
b5 9. g3 Bf5 10. Ne5 e6 11. Bg2 Be7 12. O-O O-O 13. Rfe1 Nxe5 14. Bxe5 Ne4 15.
Nxe4 Bxe4 16. f3 Bd3 17. e4 dxe4 18. fxe4 b4 19. Bf1 Bxf1 20. Rxf1 f6 21. Bf4
Ra6 22. cxb4 Bxb4 23. a3 Bd6 24. Bd2 Rb6 25. Bc3 Rb3 26. Rac1 b5 27. Kg2 Rb8 28.
Rf2 b4 29. axb4 Bxb4 30. Rfc2 Ra8 31. Bxb4 Rxb4 32. Rd1 Ra2 33. Rdd2 Kf7 34. Kf3
Ke7 35. h4 h5 36. Kf4 Ra1 37. e5 Rf1+ 38. Rf2 Re1 39. Rfe2 Rd1 40. Red2 Rf1+ 41.
Rf2 Rg1 42. Rg2 Rb1 43. Rge2 Kd7 44. Rcd2 Rb3 45. Rc2 Rf1+ 46. Rf2 Rxf2+ 47. Rxf2
Rd3 48. exf6 gxf6 49. Re2 Rxd4+ 50. Re4 e5+ 51. Kf5 Rxe4 52. Kxe4 Ke6 53. Ke3
f5 54. Kd2 Kd5 55. Ke3 Kc5 56. Kd2 Kd4 0-1

[Event "I Miedzynarodowy Memorial Ireny Warakomskiej - Open B"]
[Site "Suwalki"]
[Date "2017-08-14"]
[Round "5.7"]
[White "Fronczak, Sebastian"]
[Black "Rak, Tomasz"]
[Result "1-0"]
[WhiteTitle ""]
[BlackTitle ""]
[WhiteElo "1926"]
[BlackElo "2067"]

1. e4 c6 2. Nc3 d5 3. d4 dxe4 4. Nxe4 Nf6 5. Nxf6+ gxf6 6. Bf4 h5 7. Qd2 Bf5 8.
O-O-O e6 9. Bd3 Bxd3 10. Qxd3 Nd7 11. Ne2 Nb6 12. c4 Qd7 13. Nc3 O-O-O 14. Qe2
Bh6 15. Bxh6 Rxh6 16. Ne4 f5 17. Nc5 Qc7 18. Kb1 Kb8 19. Rd2 h4 20. b3 Rg8 21.
Qf3 Rg4 22. g3 Rh8 23. Rhd1 Rhg8 24. Qc3 hxg3 25. hxg3 a6 26. Nd3 Nd7 27. Ne5
Nf6 28. Nxg4 Ne4 29. Qe3 Nxd2+ 30. Rxd2 Rxg4 31. f4 Qb6 32. Kb2 Ka8 33. Rd3 Rg8
34. d5 Qxe3 35. Rxe3 cxd5 36. cxd5 exd5 37. Kc3 Kb8 38. Kd4 Kc7 39. Kxd5 Rd8+
40. Kc4 Kc6 41. Re5 b5+ 42. Kb4 Kb6 43. Rxf5 a5+ 44. Kc3 b4+ 45. Kc4 Rc8+ 46.
Kd4 Rc2 47. Rf6+ Kb5 48. Rxf7 Rxa2 49. Rf5+ Kb6 50. Rf6+ Kb5 51. g4 Rd2+ 52. Ke4
Rb2 53. Rf5+ Kb6 54. g5 Rxb3 55. g6 Rg3 56. Rg5 Rxg5 57. fxg5 b3 58. Kd3 1-0

[Event "I Miedzynarodowy Memorial Ireny Warakomskiej - Open B"]
[Site "Suwalki"]
[Date "2017-08-14"]
[Round "5.8"]
[White "Pytel, Przemyslaw"]
[Black "Mammadov, Vafa "]
[Result "0-1"]
[WhiteTitle ""]
[BlackTitle ""]
[WhiteElo "1815"]
[BlackElo "2066"]

1. e4 c5 2. Nf3 e6 3. d4 cxd4 4. Nxd4 Nf6 5. Bd3 Nc6 6. Be3 Be7 7. O-O d6 8. Kh1
Bd7 9. Nc3 Nxd4 10. Bxd4 e5 11. Be3 O-O 12. f3 Be6 13. Bg5 Nh5 14. Bxe7 Qxe7 15.
Ne2 Rac8 16. Rc1 Rfd8 17. c4 g6 18. Qd2 Rc7 19. b3 Rdc8 20. Rfe1 Rd8 21. Qe3 b6
22. Bb1 Qh4 23. g3 Qe7 24. Qh6 Rc5 25. g4 Ng7 26. Nc3 Ne8 27. Rg1 f6 28. Rg3 a6
29. a4 Nc7 30. Bd3 a5 31. Rh3 g5 32. Nd5 Bxd5 33. exd5 Qg7 34. Qxg7+ Kxg7 35.
Rxh7+ Kg8 36. Rg1 Na6 37. Rb7 Rc7 38. Rxb6 Nc5 39. Bc2 Rb7 40. Rb5 Ra7 41. Rg3
Kg7 42. Rg1 Raa8 43. Kg2 Rh8 44. Rb1 Rh4 45. h3 Rah8 46. Rxa5 f5 47. Rh1 fxg4
48. Ra7+ Kf6 49. fxg4 e4 50. b4 Nd3 51. Kg3 Ke5 52. Rg7 Kd4 53. Rxg5 e3 54. Bxd3
Kxd3 55. c5 Rxh3+ 56. Rxh3 Rxh3+ 57. Kxh3 e2 58. Rg6 e1=Q 59. Rxd6 Qxb4 60. Rc6
Qxa4 61. Rc7 Qf4 62. Re7 Qf3+ 63. Kh2 Qxg4 64. d6 Qh5+ 65. Kg2 Qg5+ 66. Kf3 Qxc5
67. Re1 Qf5+ 68. Kg3 Kd2 69. Re7 Qg6+ 70. Kf3 Qxd6 71. Re2+ Kd1 72. Re3 Qd5+ 73.
Kf4 Kd2 74. Re5 Qd6 75. Ke4 Kc3 76. Rd5 Qc6 77. Ke5 Kc4 78. Rd4+ Kc5 79. Re4 Qd6+
80. Kf5 Kd5 81. Re2 Qd7+ 82. Kf4 Qh3 83. Rd2+ Kc4 84. Ke4 Qg4+ 85. Ke3 Qe6+ 86.
Kf3 Kc3 87. Re2 Qf5+ 88. Ke3 Qg5+ 89. Ke4 Qg4+ 90. Ke3 Qg3+ 91. Ke4 Qd3+ 0-1

[Event "I Miedzynarodowy Memorial Ireny Warakomskiej - Open B"]
[Site "Suwalki"]
[Date "2017-08-14"]
[Round "5.9"]
[White "Grabowski, Adam"]
[Black "Lada, Michal "]
[Result "1-0"]
[WhiteTitle ""]
[BlackTitle ""]
[WhiteElo "2063"]
[BlackElo "1875"]

1. Nf3 c6 2. d4 d5 3. e3 Nf6 4. c4 e6 5. Nc3 Nbd7 6. Qc2 Bd6 7. Bd3 b6 8. O-O Bb7
9. e4 dxe4 10. Nxe4 Nxe4 11. Bxe4 Nf6 12. Bg5 Be7 13. Bxf6 Bxf6 14. Qa4 Qc7 15.
d5 b5 16. Qb4 Be7 17. Qc3 Bf6 18. Qe3 cxd5 19. cxd5 O-O 20. dxe6 Bxe4 21. Qxe4
Rae8 22. exf7+ Qxf7 23. Qb4 Re2 24. Qxb5 Rxb2 25. Qa4 Rd8 26. a3 g5 27. Rad1 h5
28. h3 Rbb8 29. Qe4 Qg7 30. Rd5 g4 31. hxg4 hxg4 32. Qe6+ Kf8 33. Ng5 Rb6 34.
Rxd8+ Bxd8 35. Qf5+ Ke7 36. Re1+ Kd6 37. Nf7+ Kc7 38. Rc1+ Rc6 39. Qa5+ Kb7 40.
Nxd8+ 1-0

[Event "I Miedzynarodowy Memorial Ireny Warakomskiej - Open B"]
[Site "Suwalki"]
[Date "2017-08-14"]
[Round "5.10"]
[White "Golek, Jagoda"]
[Black "Tarnowska, Aleksandra"]
[Result "1/2-1/2"]
[WhiteTitle ""]
[BlackTitle ""]
[WhiteElo "2058"]
[BlackElo "1807"]

1. e4 c5 2. Nf3 e6 3. d4 cxd4 4. Nxd4 a6 5. Be2 Qc7 6. O-O b5 7. a4 bxa4 8. Rxa4
Bb7 9. Nc3 Nf6 10. Nb3 Nc6 11. Be3 Bb4 12. Bc5 Bxc5 13. Nxc5 O-O 14. Qd2 Rfd8
15. Qg5 h6 16. Qg3 d6 17. Nxb7 Qxb7 18. b3 Nb4 19. Bd1 e5 20. f4 Kh8 21. Qe3 a5
22. Kh1 Qc6 1/2-1/2

[Event "I Miedzynarodowy Memorial Ireny Warakomskiej - Open B"]
[Site "Suwalki"]
[Date "2017-08-14"]
[Round "5.11"]
[White "Hasinski, Krystian "]
[Black "Medvedyk, Volodymyr"]
[Result "1-0"]
[WhiteTitle ""]
[BlackTitle ""]
[WhiteElo "1904"]
[BlackElo "2053"]

1. c4 Nf6 2. Nc3 g6 3. g3 Bg7 4. Bg2 d6 5. Nf3 Nc6 6. Rb1 a5 7. a3 e5 8. d3 O-O
9. O-O Re8 10. b4 axb4 11. axb4 e4 12. Ne1 Bf5 13. b5 Ne5 14. f4 Neg4 15. Nc2
e3 16. Bb2 h5 17. Bxb7 h4 18. Qc1 Nh5 19. Rf3 hxg3 20. hxg3 Nxg3 21. Rxg3 Qh4
22. Rxg4 Qxg4+ 23. Bg2 Qxf4 24. Qf1 Qh4 25. Nd5 Bxb2 26. Rxb2 Kg7 27. Ncxe3 Rh8
28. Nxf5+ gxf5 29. Qxf5 1-0

[Event "I Miedzynarodowy Memorial Ireny Warakomskiej - Open B"]
[Site "Suwalki"]
[Date "2017-08-14"]
[Round "5.12"]
[White "Szewczyk, Mariusz"]
[Black "Murawko, Katarzyna "]
[Result "1-0"]
[WhiteTitle ""]
[BlackTitle ""]
[WhiteElo "2053"]
[BlackElo "1967"]

1. e4 c5 2. Nf3 a6 3. c3 d5 4. exd5 Qxd5 5. d4 e6 6. Be2 Nf6 7. O-O Be7 8. Be3
cxd4 9. cxd4 O-O 10. Nc3 Qa5 11. Qb3 b5 12. Ne5 Bb7 13. Bf3 Bxf3 14. Nxf3 Rd8
15. Ne5 b4 16. Ne2 Nd5 17. Rac1 Qb5 18. Rc2 f6 19. Nd3 Nc6 20. a4 Na5 21. axb5
Nxb3 22. Rc6 a5 23. Rxe6 Kf7 24. Rc6 Rab8 25. Nec1 Nxc1 26. Rfxc1 Rxb5 27. Ra6
b3 28. Ra7 Kg6 29. Kf1 Bd6 30. Bd2 Bb4 31. Nxb4 axb4 32. Ke2 Nb6 33. Kd3 Rbd5
34. Be3 f5 35. Rcc7 R8d7 36. Rxd7 Nxd7 37. Kc4 Nf6 38. g3 Rd8 39. Kxb3 Nd5 40.
Kc4 Kf6 41. Ra6+ Kf7 42. Bd2 h6 43. Kc5 Ke7 44. Ra7+ Ke6 45. Kc4 Kf6 46. Rb7 g5
47. Kd3 h5 48. Bxb4 h4 49. Bc5 hxg3 50. hxg3 g4 51. b4 1-0

[Event "I Miedzynarodowy Memorial Ireny Warakomskiej - Open B"]
[Site "Suwalki"]
[Date "2017-08-14"]
[Round "5.13"]
[White "Pawelec, Bartosz "]
[Black "Ziemski, Jaroslaw"]
[Result "1-0"]
[WhiteTitle ""]
[BlackTitle ""]
[WhiteElo "2050"]
[BlackElo "1668"]

1. e4 e5 2. Nf3 Nc6 3. Bc4 Nf6 4. d3 Be7 5. O-O O-O 6. Re1 d6 7. h3 Na5 8. Nc3
Nxc4 9. dxc4 Be6 10. b3 c6 11. Bb2 h6 12. c5 d5 13. exd5 Nxd5 14. Ne4 f5 15. Nd6
Bxd6 16. cxd6 e4 17. Qd4 Qf6 18. Qxf6 Nxf6 19. Nd4 Rfe8 20. c4 c5 21. Nb5 Rad8
22. Nc7 Kf7 23. Nxe8 Nxe8 24. Be5 g5 25. Rad1 Bd7 26. Rd2 Ke6 27. Bh2 Bc6 28.
f3 Nxd6 29. fxe4 Bxe4 30. g4 Nf7 31. gxf5+ Kxf5 32. Rf2+ Kg6 33. Rxe4 Rd1+ 34.
Kg2 Rd7 35. Re6+ Kg7 36. Rfe2 h5 37. Re7 Rd3 38. Rxb7 Kg6 39. Rxa7 g4 40. hxg4
hxg4 41. Bf4 Rf3 42. Bd2 Rd3 43. Rc7 Nd6 44. Rc6 Kf5 45. Rxc5+ Kf6 46. Rc6 Kf5
47. Rc5+ Kf6 48. Rd5 1-0

[Event "I Miedzynarodowy Memorial Ireny Warakomskiej - Open B"]
[Site "Suwalki"]
[Date "2017-08-14"]
[Round "5.14"]
[White "Widelski, Kacper "]
[Black "Ostrowski, Robert"]
[Result "1-0"]
[WhiteTitle ""]
[BlackTitle ""]
[WhiteElo "1880"]
[BlackElo "2050"]

1. e4 c5 2. Nf3 d6 3. d4 cxd4 4. Nxd4 Nf6 5. Nc3 a6 6. Bg5 e5 7. Nf5 Bxf5 8. exf5
Nbd7 9. Qf3 Qc7 10. Bd3 Be7 11. g4 h6 12. Bxf6 Nxf6 13. O-O-O Rd8 14. Be2 b5 15.
h4 b4 16. Nd5 Nxd5 17. Rxd5 Qb6 18. Bc4 Rc8 19. Bb3 O-O 20. g5 hxg5 21. Rg1 Qd8
22. Qg4 Qb6 23. hxg5 Qxf2 24. f6 Bxf6 25. gxf6 Qxf6 26. Rxd6 Qf4+ 27. Qxf4 exf4
28. Rf6 1-0

[Event "I Miedzynarodowy Memorial Ireny Warakomskiej - Open B"]
[Site "Suwalki"]
[Date "2017-08-14"]
[Round "5.15"]
[White "Sapeta, Robert "]
[Black "Sobczak, Miroslaw"]
[Result "0-1"]
[WhiteTitle ""]
[BlackTitle ""]
[WhiteElo "2040"]
[BlackElo "1925"]

1. e4 e6 2. d4 d5 3. e5 c5 4. Qg4 cxd4 5. Nf3 Nc6 6. Bd3 f5 7. Qg3 Bd7 8. a3 a5
9. O-O g6 10. h4 Qe7 11. Bg5 Qg7 12. Nbd2 h6 13. Bf4 Be7 14. Nb3 g5 15. Nbxd4
Qf7 16. Bd2 g4 17. Nxc6 gxf3 18. Nd4 fxg2 19. Kxg2 Bc5 20. Nb5 Ne7 21. Nc7+ Kd8
22. Nxa8 Rg8 23. Bxa5+ Kc8 24. Bb6 Rxg3+ 25. fxg3 Bxb6 26. Nxb6+ Kc7 27. Nxd7
Kxd7 28. c4 d4 29. Rf4 Nc6 30. Re1 Qg7 31. Bc2 Kc8 32. Re2 Kb8 33. b4 Nxe5 34.
Rxd4 Nf3 35. Rf4 Nd4 36. Rd2 e5 37. Rf1 f4 38. Be4 Qxg3+ 39. Kh1 Qh3+ 0-1

[Event "I Miedzynarodowy Memorial Ireny Warakomskiej - Open B"]
[Site "Suwalki"]
[Date "2017-08-14"]
[Round "5.16"]
[White "Milewski, Karol"]
[Black "Betkowski, Andrzej "]
[Result "0-1"]
[WhiteTitle ""]
[BlackTitle ""]
[WhiteElo "1747"]
[BlackElo "2038"]

1. d4 e6 2. Nf3 f5 3. c4 Nf6 4. Nc3 Bb4 5. Qb3 a5 6. Bf4 Nc6 7. e3 a4 8. Qc2 a3
9. Nd2 d6 10. Bg5 O-O 11. Be2 Qe8 12. Bxf6 Rxf6 13. b3 Bxc3 14. Qxc3 e5 15. d5
Ne7 16. O-O-O c6 17. dxc6 Qxc6 18. Nf3 f4 19. c5 e4 20. Nd4 Qxc5 21. Nb5 Bf5 22.
Qxc5 dxc5 23. Bc4+ Kh8 24. exf4 Nc6 25. Rd5 b6 26. Rhd1 h5 27. Rd6 Nb4 28. Nc3
Nd3+ 29. R1xd3 exd3 30. Rxf6 gxf6 31. Kd2 Rd8 32. g3 Bd7 33. Bf7 h4 34. Bh5 Kg7
35. Bf3 b5 36. Bd5 Bf5 37. Bc6 b4 38. Na4 Rc8 39. Bd5 Rd8 40. Bf3 c4 41. bxc4
b3 42. Nc3 bxa2 43. Nxa2 Rb8 44. Kc3 Rb2 45. Nb4 Rxf2 0-1

[Event "I Miedzynarodowy Memorial Ireny Warakomskiej - Open B"]
[Site "Suwalki"]
[Date "2017-08-14"]
[Round "5.17"]
[White "Kowalec, Maciej"]
[Black "Kaczmarek, Arkadiusz "]
[Result "1/2-1/2"]
[WhiteTitle ""]
[BlackTitle ""]
[WhiteElo "2038"]
[BlackElo "1935"]

1. Nf3 d5 2. b3 Nf6 3. Bb2 e6 4. e3 b6 5. d4 Bb7 6. Bd3 Bd6 7. Nbd2 O-O 8. O-O
Nbd7 9. Ne5 Qe7 10. f4 Ne4 11. c4 Rac8 12. Bxe4 dxe4 13. Nxd7 Qxd7 14. Qc2 f5
15. Rfd1 Be7 16. Nf1 Bf6 1/2-1/2

[Event "I Miedzynarodowy Memorial Ireny Warakomskiej - Open B"]
[Site "Suwalki"]
[Date "2017-08-14"]
[Round "5.18"]
[White "Szczygiel, Konrad"]
[Black "Krasiewicz, Robert "]
[Result "0-1"]
[WhiteTitle ""]
[BlackTitle ""]
[WhiteElo "1862"]
[BlackElo "2031"]

1. d4 g6 2. c4 f5 3. g3 Nf6 4. Nc3 Bg7 5. Bg2 d6 6. e3 O-O 7. Nge2 Qe8 8. O-O e5
9. c5 Nc6 10. cxd6 cxd6 11. b3 Rf7 12. Ba3 Bf8 13. Nb5 Rd7 14. d5 Nb8 15. Rc1
Na6 16. Rc4 b6 17. Rc6 Qd8 18. Qc2 Bb7 19. Rc4 Bxd5 20. Bxd5+ Nxd5 21. Ra4 Ndc7
22. Qc6 Nxb5 23. Qd5+ Kh8 24. Qxb5 Nc5 25. Rc4 a6 26. Qb4 d5 0-1

[Event "I Miedzynarodowy Memorial Ireny Warakomskiej - Open B"]
[Site "Suwalki"]
[Date "2017-08-14"]
[Round "5.19"]
[White "Szczygiel, Jakub "]
[Black "Kalmuk, Krzysztof"]
[Result "0-1"]
[WhiteTitle ""]
[BlackTitle ""]
[WhiteElo "1797"]
[BlackElo "2030"]

1. d4 Nf6 2. c4 g6 3. Nc3 Bg7 4. Nf3 O-O 5. Bf4 c5 6. d5 d6 7. h3 Bf5 8. g4 Be4
9. Bg2 Bxf3 10. Bxf3 Nfd7 11. Rc1 Ne5 12. Bxe5 Bxe5 13. h4 Qa5 14. Qd2 a6 15.
b3 b5 16. Ne4 Qxd2+ 17. Kxd2 h6 18. e3 Nd7 19. Be2 Rfb8 20. f4 Bg7 21. Rb1 Rb7
22. Nc3 Nb6 23. e4 bxc4 24. Bxc4 Nxc4+ 25. bxc4 Rab8 26. Kc2 Rxb1 27. Rxb1 Rxb1
28. Nxb1 Bd4 29. Kd3 h5 30. gxh5 gxh5 31. Ke2 Bf6 32. Kf3 Bxh4 33. e5 Be1 34.
a4 Bb4 35. Ke4 f6 36. exd6 exd6 37. Kf5 Kf7 0-1

[Event "I Miedzynarodowy Memorial Ireny Warakomskiej - Open B"]
[Site "Suwalki"]
[Date "2017-08-14"]
[Round "5.20"]
[White "Hrymowicz, Artur "]
[Black "Janulek, Dawid "]
[Result "1/2-1/2"]
[WhiteTitle ""]
[BlackTitle ""]
[WhiteElo "2015"]
[BlackElo "2006"]

1. e4 c5 2. Nf3 d6 3. d4 cxd4 4. Nxd4 Nf6 5. Nc3 a6 6. Be3 e5 7. Nf3 Be7 8. Bc4
O-O 9. O-O Be6 10. Bb3 Nc6 11. Bg5 Na5 12. Bxf6 Bxf6 13. Nd5 Be7 14. Qd3 Nxb3
15. Qxb3 Bxd5 16. Qxd5 Qb6 17. b3 Rac8 18. c4 Qc6 19. Rfd1 g6 20. Ne1 Qxd5 21.
Rxd5 f5 22. exf5 Rxf5 23. Nd3 Kf7 24. Re1 Ke6 25. a4 g5 26. h3 Rc7 27. g3 Kf7
28. f4 gxf4 29. gxf4 Bf6 30. fxe5 dxe5 31. Nxe5+ Bxe5 32. Rexe5 Rxe5 33. Rxe5
Rd7 34. Kf2 Rd3 35. Re3 Rd2+ 36. Kf3 Rd4 37. Rc3 Rh4 38. Ke2 Ke6 39. Re3+ Kd6
40. Kd3 a5 41. Kc3 b6 42. b4 axb4+ 43. Kxb4 Kc6 44. Re6+ Kb7 45. Re3 Kc6 46. Rf3
Rh5 1/2-1/2

[Event "I Miedzynarodowy Memorial Ireny Warakomskiej - Open B"]
[Site "Suwalki"]
[Date "2017-08-14"]
[Round "5.21"]
[White "Jankowiak, Tomasz"]
[Black "Gawronski, Miroslaw"]
[Result "0-1"]
[WhiteTitle ""]
[BlackTitle ""]
[WhiteElo "1905"]
[BlackElo "2014"]

1. e4 c5 2. Nf3 e6 3. d4 cxd4 4. Nxd4 a6 5. Bd3 Qc7 6. O-O Nf6 7. Qe2 d6 8. c4
b6 9. Nc3 Nbd7 10. f4 Bb7 11. Bd2 Be7 12. Rae1 Rd8 13. Kh1 O-O 14. b4 g6 15. a3
e5 16. Nf3 exf4 17. Bxf4 Ne5 18. Nxe5 dxe5 19. Bg5 Nh5 20. Bxe7 Qxe7 21. Nd5 Bxd5
22. cxd5 a5 23. bxa5 bxa5 24. g3 Rb8 25. a4 Rb4 26. Bb5 Nf6 27. Qf3 Kg7 28. Rf2
h5 29. Rc2 Rd8 30. Kg2 Rd4 31. Rc6 Rd6 32. Rc3 Rb6 33. Rc8 Qb4 34. Rf1 Rd2+ 35.
Kh1 Qxe4 36. Qxe4 Nxe4 37. Ra8 Nf2+ 38. Kg1 Rf6 39. Rxa5 Nh3+ 40. Kh1 Rxd5 41.
Ra7 Nf2+ 42. Kg1 Rd2 43. a5 e4 44. h4 Rf3 45. a6 Rxg3+ 46. Kh2 Rf3 47. Kg1 Ng4
48. Rxf3 exf3 49. Re7 Rg2+ 50. Kf1 Nh2+ 51. Ke1 f2+ 52. Kd2 f1=Q+ 0-1

[Event "I Miedzynarodowy Memorial Ireny Warakomskiej - Open B"]
[Site "Suwalki"]
[Date "2017-08-14"]
[Round "5.22"]
[White "Falkowski, Dawid "]
[Black "Matuszczyk, Mateusz"]
[Result "1-0"]
[WhiteTitle ""]
[BlackTitle ""]
[WhiteElo "2013"]
[BlackElo "1666"]

1. e4 c5 2. Nc3 d6 3. f4 a6 4. Bc4 e6 5. a4 Nf6 6. d3 Nc6 7. Nf3 Be7 8. O-O O-O
9. e5 Nd7 10. exd6 Bxd6 11. Ne4 Nb6 12. Bb3 Na5 13. Ba2 Nd5 14. Nfg5 h6 15. Nxd6
Qxd6 16. Ne4 Qb6 17. Kh1 f5 18. Nc3 Qd6 19. Qf3 Nb4 20. Bb1 Nac6 21. Be3 b6 22.
Qf2 Nd4 23. a5 Bb7 24. axb6 Rf6 25. Na4 Rg6 26. Rg1 Qc6 27. Nxc5 Nf3 28. Nxb7
Nxg1 29. Na5 Nh3 30. Qe2 Qd6 31. Qf3 Nd5 32. Qxh3 Nxb6 33. Ba2 Kh7 34. Qf3 Nd5
35. Bd2 Rb8 36. Bb3 Nb6 37. Nc6 Ra8 38. Bb4 Qc7 39. Ne5 Rf6 40. Ba5 Rb8 41. Nc4
Rg6 42. Qf2 e5 43. fxe5 f4 44. Nxb6 Rbxb6 45. Bxb6 Rxb6 46. Qxf4 h5 47. Rf1 Rg6
48. Qf5 Kh6 49. d4 a5 50. Qf8 a4 51. h4 Rg4 52. Qh8+ Kg6 53. Bf7+ Qxf7 54. Rxf7
Rxh4+ 55. Kg1 Kxf7 56. d5 a3 57. e6+ Kg6 58. e7 axb2 59. e8=Q+ Kf5 60. Qhf8+ Kg5
61. Qxg7+ Kf4 62. Qee5# 1-0

[Event "I Miedzynarodowy Memorial Ireny Warakomskiej - Open B"]
[Site "Suwalki"]
[Date "2017-08-14"]
[Round "5.23"]
[White "Budzinski, Jan "]
[Black "Zianowicz, Dominik "]
[Result "1/2-1/2"]
[WhiteTitle ""]
[BlackTitle ""]
[WhiteElo "2012"]
[BlackElo "1843"]

1. d4 d5 2. Nf3 e6 3. Bf4 Nf6 4. e3 c5 5. Nbd2 Qb6 6. Rb1 Bd7 7. Be2 cxd4 8. exd4
Be7 9. O-O O-O 10. h3 Bb5 11. c3 Bxe2 12. Qxe2 Nbd7 13. Rfc1 Rac8 14. b4 a6 15.
a4 Bd6 16. Ne5 Bb8 17. a5 Qb5 18. Qxb5 axb5 19. Ra1 Nxe5 20. Bxe5 Bxe5 21. dxe5
Ne4 22. Nxe4 dxe4 23. Rd1 Rfd8 24. Rxd8+ Rxd8 25. Re1 Rd3 26. Rxe4 Rxc3 27. Rd4
g6 28. Kf1 Rc2 29. Ke1 Rb2 30. g4 g5 31. Kd1 Rxf2 32. Rd7 Rf4 33. Rxb7 Rxb4 34.
Kc2 Kg7 35. Kc3 Ra4 36. Rxb5 f5 37. gxf5 exf5 38. e6 Kf6 39. Re5 Ke7 40. Kb3 Ra1
41. Rxf5 Kxe6 42. Rxg5 Kd6 43. Rh5 Kc6 44. Kc3 Rc1+ 45. Kd4 Rd1+ 46. Ke4 Rd7 47.
Kf4 Kd6 48. Kg5 Ke5 49. h4 Ra7 50. Kh6+ Kf6 51. Rb5 Ke6 52. Rb6+ Kf5 53. a6 Kg4
54. h5 Kf5 55. Rb5+ Kg4 56. Rb4+ Kf5 57. Rb7 Rxa6+ 58. Kxh7 Kg5 59. Rb5+ Kf6 1/2-1/2

[Event "I Miedzynarodowy Memorial Ireny Warakomskiej - Open B"]
[Site "Suwalki"]
[Date "2017-08-14"]
[Round "5.24"]
[White "Lascar, Radoslawa"]
[Black "Kotlowski, Tomasz"]
[Result "0-1"]
[WhiteTitle ""]
[BlackTitle ""]
[WhiteElo "1778"]
[BlackElo "2005"]

1. e4 g6 2. d4 Bg7 3. Nc3 d6 4. f4 Nf6 5. Nf3 O-O 6. Be2 c5 7. O-O cxd4 8. Nxd4
Qb6 9. Be3 Nc6 10. Na4 Qa5 11. Nxc6 bxc6 12. Nc3 Qb4 13. Qd3 Qxb2 14. Rab1 Qa3
15. Nd5 Qxd3 16. Nxe7+ Kh8 17. cxd3 Ba6 18. Kf2 c5 19. e5 dxe5 20. Bxc5 exf4 21.
Rfd1 Nd7 22. Ba3 Bd4+ 23. Kf1 Ne5 24. Nd5 Rfc8 25. Rbc1 f3 26. gxf3 Bb7 27. Nc7
Rab8 28. Nb5 Be3 29. Bd6 Nxf3 30. Bxf3 Bxf3 31. Rxc8+ Rxc8 32. Re1 Bb6 33. Be5+
Kg8 34. Bf6 h6 35. Nd6 Ra8 36. Nc4 Bc5 37. h3 g5 38. Ne5 Bd5 39. Nc4 Bxc4 40.
dxc4 Kh7 41. Kg2 Kg6 42. Bc3 Rd8 43. Rf1 Rd6 44. a4 f5 45. Re1 Rc6 46. Bb2 f4
47. Re4 Be3 48. Bc3 h5 49. Kf3 Rb6 50. Bd4 Bxd4 51. Rxd4 Rb3+ 52. Kg2 Rg3+ 53.
Kh2 h4 54. c5 Rc3 55. Rd5 f3 56. Kg1 f2+ 57. Kxf2 Rxh3 58. c6 Rc3 59. Rd6+ Kh5
60. Kg2 h3+ 61. Kh2 g4 62. a5 a6 63. c7 Rxc7 64. Rxa6 Rc2+ 65. Kg3 Kg5 66. Ra8
Rg2# 0-1

[Event "I Miedzynarodowy Memorial Ireny Warakomskiej - Open B"]
[Site "Suwalki"]
[Date "2017-08-14"]
[Round "5.25"]
[White "Wielek, Thomas "]
[Black "Slezinski, Nikodem "]
[Result "1/2-1/2"]
[WhiteTitle ""]
[BlackTitle ""]
[WhiteElo "1766"]
[BlackElo "1995"]

1. e4 e5 2. Nf3 Nc6 3. Bc4 Bc5 4. c3 Nf6 5. d4 exd4 6. cxd4 Bb4+ 7. Bd2 Nxe4 8.
Bxb4 Nxb4 9. Bxf7+ Kxf7 10. Qb3+ d5 11. Qxb4 Re8 12. O-O Qd6 13. Qxd6 Nxd6 14.
Nbd2 c6 15. Ne5+ Kf6 16. f4 g6 17. g4 h5 18. h3 hxg4 19. hxg4 Be6 20. Kg2 Rh8
21. Rh1 Ne4 22. Ndf3 Kg7 23. Ng5 1/2-1/2